| 000 | 01438cam a2200229 4500 | ||
|---|---|---|---|
| 001 | L136710 | ||
| 008 | 070219n2007 000 0 eng u | ||
| 035 | _a(Sirsi) u136710 | ||
| 041 | 0 | _aeng | |
| 050 | _a333.33 $2 18 | ||
| 110 | 2 | _aRightmove | |
| 245 | 0 | 0 |
_aRightmove house price index _bFebruary 2007 _h[electronic resource] |
| 260 |
_aLondon _bRightmove _c2007 |
||
| 490 | 0 | 0 |
_aRightmove House Price Index _vFebruary 2007 |
| 520 | _aShows that annual asking price inflation has dropped by 2%, which is the sharpest fall for 18 months. 143 000 newly marketed properties have increased in price by just 0.9%, by far the lowest February figure for the last five years. Estate agents continue to report good levels of sales activity, and data shows average property for sale per estate agency branch at a three year low for this time of year. This, in conjunction with a speeding up of stock turnover since the New Year, has led to a fall in time on the market, from 88 to 78 days. The contrary statistics point to the shock January interest rate rise knocking sellers' traditional New Year optimism. | ||
| 590 | _aKA NTK | ||
| 650 | 2 | 4 | _aRIGHTMOVE HOUSE PRICE INDEX |
| 651 | 4 |
_aUnited Kingdom _y |
|
| 690 | _aPROPERTY-RESIDENTIAL PROPERTY-RESIDENTIAL PROPERTY MARKET | ||
| 856 | 4 | 0 |
_uhttps://www.rightmove.co.uk/template/publicsite%2Caboutus%2CRTPRArchive.vm _zView the index free of charge at www.rightmove.co.uk... |
| 942 | _n0 | ||
| 999 |
_c106483 _d106483 |
||